| 000 | 01725nmm a2200289 a 4500 | ||
|---|---|---|---|
| 001 | ocm0001257062 | ||
| 003 | TR-IsHL | ||
| 005 | 20201028155347.0 | ||
| 008 | 110704s2007 tu tur | ||
| 007 | cr cn | ||
| 020 | _a9789944322850 | ||
| 035 |
_a1257062 _b(N$T) |
||
| 050 | 0 | 4 |
_aHD60.65 _b.C36 2007 |
| 090 | 0 | 4 |
_aHD60.65 _b.C36 2007 |
| 100 | 1 | _aCan, Halil | |
| 245 | 1 | 0 |
_aGenel işletme _h[electronic resource] / _cHalil Can ; Selma Güney |
| 260 |
_aİstanbul : _bArıkan Basım Yayım Dağıtım, _c2007 |
||
| 300 | _a587 p. | ||
| 500 |
_aToplumsal bir varlık olan insanoğlu sınırsız ihtiyaçları olan bir canlı türüdür. Yaşamın ilk günlerinden başlayarak, tüm yaşam boyu karşılanması gereken çok sayıda ihtiyacını gidermek durumunda olan insan, ihtiyaçları giderilmediği takdirde büyük sorunlar yaşayacak, belki de, yaşamım sürdüremez bir hale gelecektir. En basit örneğiyle, yeni doğmuş bir bebek, doğadaki diğer canlıların yavrularından farklı olarak, beslenme, öz-bakım ve sevgi ihtiyaçları açısından yakın çevresinin ve özellikle de anne ve babasının yakın ilgisine muhtaç bir durumdadır. Bu durum diğer canlılarla, örneğin hayvan yavrularının ilk bakımları ve yaşama alıştırılmaları ile karşılaştırıldığındaoldukça uzun bir süre devam etme eğilimindedir. _x |
||
| 650 | 4 | _aİşletme ve Yönetim | |
| 650 | 4 | _aBusiness and Management | |
| 650 | 0 |
_aİşletmeler _xYönetim |
|
| 650 | 0 |
_aBusiness _x Management |
|
| 650 | 7 |
_aBUSINESS & ECONOMICS / Industrial Management _2bisacsh |
|
| 700 | 1 | _aGüney, Selma | |
| 856 | 4 | 0 | _uhttp://search.ebscohost.com/login.aspx?direct=true&scope=site&db=e011xww&AN=1257062 |
| 999 |
_c13045 _d13045 |
||